Rzeczowniki zaczynające się na PRZE- - Statystyki

Ogólne statystyki
  • Ten quiz został rozwiązany 13 razy
  • Średni wynik to 16 z 45
Statystyki odpowiedzi
Odpowiedź % Poprawnych
przebieg
75%
przemysł
75%
przepiórka
75%
przewód
75%
przewodnik
75%
przecinek
63%
przedmiot
63%
przedstawienie
63%
przekręt
63%
przeziębienie
63%
przebranie
50%
przeciąg
50%
przeczenie
50%
przekonanie
50%
przestroga
50%
przedsionek
38%
przedszkole
38%
przejście
38%
przelew
38%
przemiana
38%
przepowiednia
38%
przestępstwo
38%
przebiśnieg
25%
przecena
25%
przecier
25%
przedrostek
25%
przekąska
25%
przekleństwo
25%
przekrój
25%
przepis
25%
przeskok
25%
przestępca
25%
przewiew
25%
przewrót
25%
przeznaczenie
25%
przeczucie
13%
przemoc
13%
przemowa
13%
przeprosiny
13%
przepuklina
13%
przestrzeń
13%
przeszczep
13%
przebój
0%
przeciążenie
0%
przesyt
0%
Nie znaleziono quizów pasujących do podanych kryteriów
Rozkład punktacji
Procent ludzi z każdym wynikiem
Percentyl według liczby udzielonych odpowiedzi
Twoja historia wyników
Nie rozwiązałeś tego quizu